SÜTERMAN NASIL KAHRAMAN OLDUM (Kayıt no. 993637)
[ düz görünüm ]
| 000 -LEADER | |
|---|---|
| sabit uzunluktaki kontrol alanı | 00255nam a2200097Ia 4500 |
| 001 - KONTROL NUMARASI | |
| kontrol alanı | 993637 |
| 005 - EN SON İŞLEMİN TARİH VE ZAMANI | |
| kontrol alanı | 20250826221411.0 |
| 008 - SABİT-UZUNLUKTA VERİ ÖĞELERİ--GENEL BİLGİ | |
| sabit uzunluktaki kontrol alanı | 250824s9999 xx 000 0 und d |
| 245 #0 - ESER / YAZAR | |
| ESER ADI | SÜTERMAN NASIL KAHRAMAN OLDUM |
| Yazar Adı | EMRE BÜLBÜL |
| 260 ## - YAYIN, DAĞITIM, VB. | |
| YAYIN EVİ | İNDİGO YAYINLARI |
| Düşüm durumu | Kayıp durumu | Hasar Durumu | Ödünç verilmez | Ana kütüphane | Geçerli Kütüphane | Edinilen tarih | Toplam ödünç verme sayısı | Barkod | İade tarihi | Son görüntüleme tarihi | Son ödünç verme tarihi | Fiyatın geçerli olmaya başladığı tarih | Koha materyal türü |
|---|---|---|---|---|---|---|---|---|---|---|---|---|---|
| ABİDİN SANİYE ERÇAL İLKOKULU | ABİDİN SANİYE ERÇAL İLKOKULU | 24.08.2025 | 1 | 10014929 | 18.02.2026 | 03.02.2026 | 03.02.2026 | 26.08.2025 | Kitaplar |